Normal view
MARC view
- مراد، صلاح معد/أسعد،ي وسف ميخائيل مترجم
Entry Personal Name
001 - CONTROL NUMBER
- control field: 35561
003 - CONTROL NUMBER IDENTIFIER
- control field: JO-AjAnu
005 - DATE AND TIME OF LATEST TRANSACTION
- control field: 20230606075939.0
008 - FIXED-LENGTH DATA ELEMENTS
- fixed length control field: 230606|| aca||aabn | a|a d
040 ## - CATALOGING SOURCE
- Original cataloging agency: JO-AjAnu
- Transcribing agency: JO-AjAnu
100 ## - HEADING--PERSONAL NAME
- Personal name: مراد، صلاح معد/أسعد،ي وسف ميخائيل مترجم
670 ## - SOURCE DATA FOUND
- Source citation: Work cat.: (JO-AjAnu)18262: مراد، صلاح معد/أسعد،ي وسف ميخائيل مترجم, author, دروسك كيف تستذكرها ؟